Najväčšia pocta - trénovať reprezentáciu Dialóg na víkend s Igorom Prieložným, reprezentačným trénerom nemeckých volejbalistov

Bibliographic Details
Main Authors: Prieložný, Igor, 1957- (Author), Kubiš, Pavol (Author)
Format: Article
Language:Slovak
PhysicalDescription:Fotogr. 1
Subjects:

MARC

LEADER 00000nab a2200000 a 4500
001 vtls000496397
003 SK-MaSNL
005 20260303003004.0
008 120927c1993 xo 0 slo
015 |a SNBRB19rr/mm-uuuuu 
035 |a CL0496535 
040 |a SNKBUCL  |b slo  |c SNKBUCL  |e AACR2 
041 0 |a slo 
044 |a xo  |c SK 
080 |a 796.325.071.4  |2 1981 
100 1 |a Prieložný, Igor,  |d 1957-  |4 aut  |9 135347 
245 1 0 |a Najväčšia pocta - trénovať reprezentáciu  |b Dialóg na víkend s Igorom Prieložným, reprezentačným trénerom nemeckých volejbalistov  |c Igor Prieložný, Pavol Kubiš 
300 |b Fotogr. 1 
600 1 7 |a Prieložný, Igor,  |d 1957-  |2 snkbucl  |9 135347 
655 7 |a rozhovory  |2 snkbucl  |9 31831 
655 7 |a články z novín a časopisov  |2 snkbucl  |9 267496 
700 1 |a Kubiš, Pavol  |4 aut  |9 219206 
773 0 |t Šport  |g Roč. 47, č. 218 (18. 9. 1993), s. 3 
850 |a Slovenská národná knižnica v Martine  |a MTA001 
852 |a SNK  |b KIS3GCP 
958 |a RK 
992 |a RBX 
999 |c 1570621  |d 1572551